00768cam a22002291a 450000100060000000300080000600500170001400800390003103500190007003500180008904000500010704100080015708200240016510000360018924500360022526000660026130000210032765000320034894200120038099900170039295201290040916687BD-RjUL20211209000035.0140215s1944 nyu 000 0 eng a(BD-RjUL)16742 a(OCoLC)280338 aDLCcODaWUdOCoLCdTxUdOUdDLCdBD-RjULbeng aeng04219a813.5bBAH 19441 aBaum, Vicki,d1888-1960.95154610aHotel Berlin '43 /cVicki Baum. aGarden City, N.Y. :bDoubleday, Doran & Company, inc.,c1944. a250 p. ;c21 cm. 7aManners and customs.925140 2ddccBK c16687d16687 00102ddc40718NFICaRUCLbRUCLcReadingd1965-08-10eU.S.I.Sl0o813.5 BAH 1944r2014-02-15 00:00:00tC-1w2014-02-15yBK